000
00365nam a2200181Ia 4500
100
_a
Sukhatme/S.P/ Nayak/ J.K
650
_a
Solar energy
250
_a
4
942
_c
BK
366
_f
20
654
_a
solar energy
245
_a
Solar Energy
260
_b
McGraw Hill
_c
2018
082
_a
621.471
_b
SUK
300
_a
525
546
_a
ENGLISH
999
_c
18698
_d
18698